Southville International School and Colleges
Your cart is empty.
  • Cart
  • Lists
    Public lists Eva Luna New books Lux_list list_1
    Your lists Log in to create your own lists
  • Log in to your account
  • Your cookies
  • Search history
Southville International School and Colleges
  • Advanced search
  • Recent comments
  • Most popular
  • Libraries

Log in to your account

Log in with GOOGLE


If you do not have an external account, but do have a local account, you can still log in:

  1. Home
  2. MARC view: The theology of the hammer /
Normal view MARC view ISBD view

The theology of the hammer / (Record no. 8712)

[ view plain ]
MARC details
000 -LEADER
fixed length control field 01423pam a2200349 a 4500
001 - CONTROL NUMBER
control field 3013107
003 - CONTROL NUMBER IDENTIFIER
control field OSt
005 - DATE AND TIME OF LATEST TRANSACTION
control field 20140310182037.0
008 - FIXED-LENGTH DATA ELEMENTS--GENERAL INFORMATION
fixed length control field 940215s1994 gauab b 000 0 eng
010 ## - LIBRARY OF CONGRESS CONTROL NUMBER
LC control number 94004737
020 ## - INTERNATIONAL STANDARD BOOK NUMBER
International Standard Book Number 1880837927 (alk. paper)
040 ## - CATALOGING SOURCE
Original cataloging agency DLC
Transcribing agency DLC
Modifying agency DLC
050 00 - LIBRARY OF CONGRESS CALL NUMBER
Classification number BV 4407.63
Item number .F85 1994
082 00 - DEWEY DECIMAL CLASSIFICATION NUMBER
Classification number HS 261.8325
Item number F85 1994
100 1# - MAIN ENTRY--PERSONAL NAME
Personal name Fuller, Millard,
Dates associated with a name 1935-2009.
9 (RLIN) 10822
245 14 - TITLE STATEMENT
Title The theology of the hammer /
Statement of responsibility, etc by Millard Fuller.
260 ## - PUBLICATION, DISTRIBUTION, ETC. (IMPRINT)
Place of publication, distribution, etc Macon, Ga. :
Name of publisher, distributor, etc Smyth & Helwys,
Date of publication, distribution, etc c1994.
300 ## - PHYSICAL DESCRIPTION
Extent 151 p. :
Other physical details ill., maps ;
Dimensions 23 cm.
504 ## - BIBLIOGRAPHY, ETC. NOTE
Bibliography, etc Includes bibliographical references.
521 ## - TARGET AUDIENCE NOTE
Target audience note
526 ## - STUDY PROGRAM INFORMATION NOTE
Reading level 1080L to 1310L
541 ## - IMMEDIATE SOURCE OF ACQUISITION NOTE
-- 1
562 ## - COPY AND VERSION IDENTIFICATION NOTE
Number of copies For circulation. One copy available in the collection
610 20 - SUBJECT ADDED ENTRY--CORPORATE NAME
Corporate name or jurisdiction name as entry element Habitat for Humanity, inc.
9 (RLIN) 10823
610 20 - SUBJECT ADDED ENTRY--CORPORATE NAME
Corporate name or jurisdiction name as entry element Habitat for Humanity International, Inc.
9 (RLIN) 10824
650 #0 - SUBJECT ADDED ENTRY--TOPICAL TERM
Topical term or geographic name as entry element Church work with the poor
General subdivision Societies, etc.
9 (RLIN) 10825
650 #0 - SUBJECT ADDED ENTRY--TOPICAL TERM
Topical term or geographic name as entry element Housing
General subdivision Religious aspects
-- Christianity
-- Societies, etc.
9 (RLIN) 10826
650 #0 - SUBJECT ADDED ENTRY--TOPICAL TERM
Topical term or geographic name as entry element Low-income housing
General subdivision Societies, etc.
9 (RLIN) 10827
906 ## - LOCAL DATA ELEMENT F, LDF (RLIN)
a 7
b cbc
c orignew
d 1
e ocip
f 19
g y-gencatlg
942 ## - ADDED ENTRY ELEMENTS (KOHA)
Source of classification or shelving scheme Library of Congress Classification
Koha item type Books
Call number prefix
Holdings
Withdrawn status Lost status Source of classification or shelving scheme Damaged status Home library Current library Shelving location Date acquired Total Checkouts Full call number Barcode Date last seen Copy number Price effective from Koha item type
    Library of Congress Classification   Luxembourg Library Luxembourg Library High School Section 08/15/2013   BV 4407.63 .F85 1994 3384 06/13/2017 1 08/15/2013 Books

The theology of the hammer /

APA

Fuller M., . (1994). The theology of the hammer. Macon, Ga: Smyth & Helwys.

Chicago

Fuller Millard, . 1994. The theology of the hammer. Macon, Ga: Smyth & Helwys.

Harvard

Fuller M., . (1994). The theology of the hammer. Macon, Ga: Smyth & Helwys.

MLA

Fuller Millard, . The theology of the hammer. Macon, Ga: Smyth & Helwys. 1994.

  • Place hold
  • Print
  • Cite
  • Add to your cart (remove)
  • Save record
    BIBTEX Dublin Core MARCXML MARC (non-Unicode/MARC-8) MARC (Unicode/UTF-8) MARC (Unicode/UTF-8, Standard) MODS (XML) RIS
  • More searches
    Search for this title in:
    Other Libraries (WorldCat) Other Databases (Google Scholar) Online Stores (Bookfinder.com) Open Library (openlibrary.org)

Exporting to Dublin Core...

SOUTHVILLE LIBRARY

Southville International School and Colleges Library

1281 Tropical Ave. Cor. Luxembourg St., BF Homes International, Las Pinas City

Tel. No. 8256374 / 252358 Loc. 117/146

Powered by Koha